| 000 | 00365nam a2200133Ia 4500 | ||
|---|---|---|---|
| 005 | 20251222143208.0 | ||
| 008 | 251222s9999||||xx |||||||||||||| ||spa|| | ||
| 020 | _a84-331-0702-X | ||
| 082 | _a371.926/V23 | ||
| 100 | _aVallás Arándiga, Antonio | ||
| 245 | 0 | _aGuía de Actividades de Recuperación y Apoyo Educativo: | |
| 264 | _bEscuela Española | ||
| 942 | _cLIB | ||
| 999 |
_c13323 _d13323 |
||